|
|
|
|
| LEADER |
00688cam a2200217 i 4500 |
| 001 |
0000150282 |
| 005 |
20250813090000.0 |
| 008 |
250813 20182018my # |
| 020 |
|
|
|a 9789674750238
|q paperback
|
| 040 |
|
|
|a KPM
|b eng
|c KPM
|e rda
|
| 090 |
0 |
0 |
|a 808.882
|b KOM
|e 2018
|
| 245 |
1 |
0 |
|a KOMPLOT ANEKDOT
|b Santai Tapi Power
|c Penyenggara Khairy Tajudin
|
| 264 |
|
1 |
|a Kedah :
|b KTR PRESS,
|c 2018
|
| 300 |
|
|
|a 218 pages ;
|c 19 cm
|
| 336 |
|
|
|a text
|2 rdacontent
|
| 337 |
|
|
|a unmeiated
|2 rdamedia
|
| 338 |
|
|
|a volume
|2 rdacarrier
|
| 650 |
1 |
0 |
|a Anecdotes
|
| 700 |
1 |
|
|a Khairy Tajudin,
|e editor
|
| 852 |
1 |
|
|a 01
|
| 999 |
|
|
|a H0027444
|b KEMENTAH
|d BOOKS
|e Umum
|f Perpustakaan KEMENTAH
|j AVAILABLE
|p 1
|q GOOD CONDITION
|